Termine le titre du film #1 - Statistiques

Statistiques générales
  • Ce quiz a été pris 105 fois
  • Le résultat moyen est 19 sur 20
Statistiques - réponses
Hint Réponse % Correct
Le Seigneur des _ anneaux
100%
Pirates des _ Caraïbes
100%
Retour vers le _ futur
100%
Le livre de la _ jungle
100%
La Reine des _ neiges
100%
La planète des _ singes
100%
Alice au pays des _ merveilles
99%
Kung fu _ Panda
99%
Jurassic _ Park
99%
Harry Potter à l'école des _ sorciers
99%
Fast and _ furious
98%
Star _ Wars
98%
Charlie et la _ chocolaterie
97%
Mission _ impossible
96%
L'âge de _ glace
94%
Le roi _ lion
92%
Les _ de la galaxie gardiens
90%
Les animaux _ fantastiques
86%
Le monde de _ Nemo
77%
The Dark _ Knight
69%
Aucun quiz correspondant
Distribution des résultats
% des personnes avec chaque résultat
Percentile par nombre de réponses
Votre historique - résultats
Vous n’avez pas pris ce quiz